1191 1975 1462 1284 1343 1007 1674 1132 1938 1663 1194 1312 1930 1477 1343 1632 1459 1094 1742 1826 1981 1272 1117 1686 1253 1563 1269 1859 1176 1257 1641 1054 1496 1021 1527 1321 1681 1160 1998 1854 1196 1699 1293 1666 1894 1990 1812 1636 1193 1545 1505 1226 1459 1985 1234 1708 1256 1897 1965 1018 1485 1393 1052 1605 1686 1965 1016 1377 1578 1933 1200 1243 1046 1005 1703 1871 1032 1486 1293 1330 1241 1170 1486 1733 1910 1877 1304 1566 1260 1363 1596 1150 1497 1713 1727 1770 1337 1225 1488 BCNSPRNW ULIB Ver.6.0+V

เปลี่ยนเป็นภาษาไทย

Change to English
 แสดงรายละเอียดบรรณานุกรม
  กลับหน้าหลัก

Brief Record : Get Marc (ISO 2709) : E-mail record : QR code < ปิดหน้าต่าง
LEADER : 00000nam 2200000uu 4500
001    13399124754
003     ULIB
008    160217s2558||||th 000 0 tha d
020    9786161127015
060  4 WY163^bจ533ก
100 0  จิราพร ศรีพิบูลย์บัติ
245 00 การพยาบาลผู้ป่วยโรคหอบหืด/^cจิราพร ศรีพิบูลย์บัติ
260    นครสวรรค์^bวิทยาลัยพยาบาลบรมราชชนนี สวรรค์ประชารักษ์ นครสวรรค์,^c2558
300    67 หน้า
650  7 โรคหอบหืด^xการพยาบาล
650  4 ระบบหายใจ
945    ^p0^l0^i000314
945    ^p0^l0^i008595
999    ^aเกษร โพธิ์สุวรรณ
รายการนี้ยังไม่มีแท็ก
คุณยังไม่ได้ล็อกอิน คุณสามารถมีกิจกรรมร่วมกับเว็บไซต์ได้ แต่ต้องล็อกอินก่อน ::
  ล็อกอิน

รายการสื่อสารสนเทศ

ลำดับที่ ประเภท เลขเรียก/บาร์โค้ด สถานที่ สถานะ
1. Book การพยาบาล
Book การพยาบาล
สถานะ=หนังสือเก่า
WY163 จ533ก ฉ.1 
  Barcode: 000314
ห้องสมุดวิทยาเขตสวรรค์ประชารักษ์
►ส่วนจัดเก็บหนังสือเก่า สปร
บนชั้น
  ขอยืม
2. Book การพยาบาล
Book การพยาบาล
สถานะ=หนังสือเก่า
WY163 จ533ก ฉ.2 
  Barcode: 008595
ห้องสมุดวิทยาเขตสวรรค์ประชารักษ์
►ส่วนจัดเก็บหนังสือเก่า สปร
บนชั้น
  ขอยืม

รายการใกล้เคียง
    ผู้แต่ง [จิราพร ศรีพิบูลย์บัติ]

    หัวเรื่อง [ระบบหายใจ]

BibComment


ยังไม่เคยถูกคอมเมนท์

คอมเมนท์ทรัพยากรรายการนี้
  คอมเมนท์: การพยาบาลผู้ป่วยโ..


 Copyright 2026. Bcnsprnw @Library